| 000 | 00568cab a2200193 4500 | ||
|---|---|---|---|
| 001 | X1357 | ||
| 008 | 090401t1994 xxu||||| |||| 00| 0 eng d | ||
| 035 | _a(Sirsi) u16441 | ||
| 041 | _aeng | ||
| 245 | _aPanel produces final certificate contract administration form | ||
| 260 | _c1994 | ||
| 350 | _a0 | ||
| 490 |
_aCSM (Chartered Surveyor Monthly) _v3(6) March 1994, 47(1) |
||
| 650 | _aFINAL CERTIFICATE CONTRACT ADMINISTRATION FORM | ||
| 650 | _aFINAL CERTIFICATES | ||
| 690 | _aBUILT ENVIRONMENT-BUILDING CONTRACT FORMS | ||
| 942 | _n0 | ||
| 948 | _c04/03/1997 | ||
| 999 |
_c10823 _d10823 |
||